[Event "IRL-ch First Weekend Major"]
[Site "Dublin"]
[Date "2018.08.04"]
[Round "2.1"]
[White "Roberts, Danny"]
[Black "Antohi, Marius"]
[Result "1-0"]
[WhiteElo "1975"]
[BlackElo "1852"]
[PlyCount "107"]
[EventDate "2018.08.03"]
[EventType "swiss"]
[EventRounds "5"]
[EventCountry "IRL"]
[SourceTitle "EXT 2023"]
[Source "ChessBase"]
[SourceDate "2022.10.05"]
[SourceVersion "1"]
[SourceVersionDate "2022.10.05"]
[SourceQuality "1"]

1. e4 c5 2. Nc3 Nc6 3. Nge2 e6 4. g3 g6 5. Bg2 Bg7 6. d3 Nge7 7. 0-0 0-0 8. f4 Rb8 9. Kh1 b5 10. e5 Nf5 11. Ne4 Qe7 12. c3 Bb7 13. g4 Nh4 14. Be3 Nxg2 15. Bxc5 Qh4 16. Bxf8 Rxf8 17. Kxg2 Qxg4+ 18. N2g3 Qh4 19. h3 h5 20. Kh2 Ne7 21. Qe1 Nd5 22. Qf2 f5 23. Nd6 Bc6 24. Ne2 Qe7 25. Nd4 g5 26. N6xb5 Nxf4 27. Nxc6 dxc6 28. Qxa7 Qd8 29. Nd4 c5 30. Qxc5 Nxd3 31. Qc4 Bxe5+ 32. Kg1 Bxd4+ 33. cxd4 Nf4 34. Rxf4 gxf4 35. Qxe6+ Kg7 36. Kh2 Rf6 37. Rg1+ Kh7 38. Qe5 f3 39. Qg3 Qf8 40. Qxf3 Qb8+ 41. Kh1 Kh6 42. b3 f4 43. Qg2 Qf8 44. Qg5+ Kh7 45. Qxh5+ Rh6 46. Qg4 f3 47. Rf1 f2 48. Qe4+ Kh8 49. Qe5+ Kh7 50. Qg3 Rf6 51. Kh2 Rf3 52. Qh4+ Kg8 53. Kg2 Qa8 54. Qg4+ 1-0